[Event "49th Rilton Cup 2019-20"]
[Site "Stockholm"]
[Date "2019.12.28"]
[Round "2.22"]
[White "Volkov, Sergey"]
[Black "Douriet Duany, Alexis"]
[Result "1-0"]
[WhiteElo "2578"]
[BlackElo "2198"]
[Annotator "RC"]
[PlyCount "79"]
[EventDate "2019.12.27"]
[EventType "swiss"]
[EventCountry "SWE"]
[SourceTitle "playchess.com"]
[Source "ChessBase"]
[SourceQuality "1"]
[TimeControl "40/5400+30:1800+30"]

1. d4 {[%emt 0:00:00]} Nf6 {[%emt 0:01:59]} 2. c4 {[%emt 0:00:00]} c5 {[%emt 0:00:01]} 3. d5 {[%emt 0:00:20]} b5 {[%emt 0:00:02]} 4. Nf3 {[%emt 0:00:37]} g6 {[%emt 0:02:50]} 5. cxb5 {[%emt 0:00:17]} a6 {[%emt 0:00:45]} 6. e3 {[%emt 0:00:14]} d6 {[%emt 0:00:15]} 7. Nc3 {[%emt 0:00:25]} Bg7 {[%emt 0:00:14]} 8. a4 {[%emt 0:00:19]} O-O {[%emt 0:00:21]} 9. e4 {[%emt 0:00:23]} axb5 {[%emt 0:08:57]} 10. Bxb5 {[%emt 0:00:50]} Na6 {[%emt 0:04:01]} 11. O-O {[%emt 0:02:02]} Nb4 {[%emt 0:00:27]} 12. Bf4 {[%emt 0:09:06]} Bg4 {[%emt 0:04:23]} 13. Rc1 {[%emt 0:02:47]} Nh5 {[%emt 0:10:21]} 14. Be3 {[%emt 0:04:20]} f5 {[%emt 0:00:26]} 15. h3 {[%emt 0:00:13]} Bxf3 {[%emt 0:02:51]} 16. Qxf3 {[%emt 0:01:56]} f4 {[%emt 0:00:18]} 17. Bd2 {[%emt 0:00:08]} Be5 {[%emt 0:05:47]} 18. Nd1 {[%emt 0:07:10]} Rb8 {[%emt 0:05:10]} 19. Rc4 {[%emt 0:06:52]} Na2 {[%emt 0:15:09]} 20. Nc3 {[%emt 0:03:55]} Nb4 {[%emt 0:02:49]} 21. Ne2 {[%emt 0:02:09]} Bxb2 {[%emt 0:11:10]} 22. Bxb4 {[%emt 0:00:31]} cxb4 {[%emt 0:01:23]} 23. Rxb4 {[%emt 0:00:10]} Be5 {[%emt 0:00:35]} 24. Nd4 {[%emt 0:00:31]} Bxd4 {[%emt 0:00:51]} 25. Rxd4 {[%emt 0:00:34]} Qb6 {[%emt 0:00:24]} 26. Rc4 {[%emt 0:01:21]} Qa5 {[%emt 0:04:39]} 27. Rfc1 {[%emt 0:03:02]} Nf6 {[%emt 0:01:20]} 28. Qc3 {[%emt 0:06:01]} Rxb5 {[%emt 0:01:11]} 29. axb5 {[%emt 0:00:19]} Qxb5 {[%emt 0:00:01]} 30. Rc8 {[%emt 0:04:14]} Qe2 {[%emt 0:01:01]} 31. Rxf8+ {[%emt 0:02:16]} Kxf8 {[%emt 0:00:49]} 32. Re1 {[%emt 0:00:32]} Qa6 {[%emt 0:01:35]} 33. e5 {[%emt 0:08:57]} Nxd5 {[%emt 0:00:42]} 34. Qd4 {[%emt 0:00:27]} Qa5 {[%emt 0:00:34]} 35. Rd1 {[%emt 0:00:47]} Nc3 {[%emt 0:00:42]} 36. Qxf4+ {[%emt 0:00:53]} Kg7 {[%emt 0:00:26]} 37. Re1 {[%emt 0:01:00]} d5 {[%emt 0:03:37]} 38. e6 {[%emt 0:02:26]} Qc5 {[%emt 0:00:02]} 39. Qf7+ {[%emt 0:02:01]} Kh6 {[%emt 0:00:34]} 40. Qf8+ {[%emt 0:00:12]} 1-0

[Event "49th Rilton Cup 2019-20"]
[Site "Stockholm"]
[Date "2019.12.28"]
[Round "2.23"]
[White "Ionov, Sergey"]
[Black "Furhoff, Johan"]
[Result "1-0"]
[WhiteElo "2521"]
[BlackElo "2327"]
[Annotator "ChessBase"]
[PlyCount "89"]
[EventDate "2019.12.27"]
[EventType "swiss"]
[EventCountry "SWE"]
[SourceTitle "playchess.com"]
[Source "ChessBase"]
[SourceQuality "1"]
[TimeControl "40/5400+30:1800+30"]

1. d4 {[%emt 0:00:00]} d5 {[%emt 0:00:00]} 2. Bf4 {[%emt 0:00:30]} Nf6 {[%emt 0:01:01]} 3. e3 {[%emt 0:00:30]} c5 {[%emt 0:04:01]} 4. c3 {[%emt 0:01:25]} Qb6 {[%emt 0:00:43]} 5. Qb3 {[%emt 0:02:21]} Nc6 {[%emt 0:02:03]} 6. Nd2 {[%emt 0:00:55]} Bf5 {[%emt 0:08:14]} 7. dxc5 {[%emt 0:04:16]} Qxb3 {[%emt 0:01:00]} 8. axb3 {[%emt 0:00:30]} e5 {[%emt 0:00:34]} 9. Bg3 {[%emt 0:00:30]} Bxc5 {[%emt 0:00:41]} 10. Ngf3 {[%emt 0:13:53]} Nd7 {[%emt 0:04:40]} 11. b4 {[%emt 0:02:38]} Bd6 {[%emt 0:11:44]} 12. Be2 {[%emt 0:20:02]} O-O {[%emt 0:11:32]} 13. O-O {[%emt 0:04:01]} f6 {[%emt 0:12:13]} 14. Nd4 {[%emt 0:12:48]} Bg6 {[%emt 0:02:03]} 15. Nxc6 {[%emt 0:13:26]} bxc6 {[%emt 0:00:30]} 16. Ra6 {[%emt 0:00:30]} Rfc8 {[%emt 0:09:17]} 17. Rfa1 {[%emt 0:04:43]} Rc7 {[%emt 0:00:30]} 18. f3 {[%emt 0:05:05]} Nb8 {[%emt 0:01:27]} 19. R6a5 {[%emt 0:01:15]} Rb7 {[%emt 0:03:29]} 20. e4 {[%emt 0:04:13]} Bc7 {[%emt 0:01:57]} 21. R5a3 {[%emt 0:00:30]} Bb6+ {[%emt 0:05:20]} 22. Bf2 {[%emt 0:00:30]} Nd7 {[%emt 0:00:30]} 23. Bxb6 {[%emt 0:01:53]} Nxb6 {[%emt 0:00:30]} 24. Nb3 {[%emt 0:01:33]} Nd7 {[%emt 0:03:10]} 25. Ra6 {[%emt 0:01:29]} dxe4 {[%emt 0:00:34]} 26. Na5 {[%emt 0:01:12]} Rb6 {[%emt 0:01:21]} 27. Nxc6 {[%emt 0:00:30]} exf3 {[%emt 0:00:30]} 28. gxf3 {[%emt 0:00:30]} Re8 {[%emt 0:07:00]} 29. Rxa7 {[%emt 0:00:36]} Rxc6 {[%emt 0:00:39]} 30. Rxd7 {[%emt 0:00:30]} Bf5 {[%emt 0:00:30]} 31. Rd2 {[%emt 0:01:01]} Rc7 {[%emt 0:00:30]} 32. Rad1 {[%emt 0:00:41]} e4 {[%emt 0:00:30]} 33. Rd8 {[%emt 0:00:48]} Kf7 {[%emt 0:00:30]} 34. Rxe8 {[%emt 0:00:30]} Kxe8 {[%emt 0:00:30]} 35. Kf2 {[%emt 0:00:30]} exf3 {[%emt 0:01:04]} 36. Bxf3 {[%emt 0:00:30]} Bd7 {[%emt 0:00:30]} 37. Rd4 {[%emt 0:00:30]} Ra7 {[%emt 0:00:30]} 38. Ke3 {[%emt 0:00:30]} Ra2 {[%emt 0:00:30]} 39. Rd2 {[%emt 0:00:30]} Ke7 {[%emt 0:00:30]} 40. Bd5 {[%emt 0:00:42]} Ra1 {[%emt 0:00:30]} 41. Kd4 {[%emt 0:30:30]} Kd6 {[%emt 0:30:55]} 42. c4 {[%emt 0:00:38]} Rf1 {[%emt 0:00:30]} 43. b5 {[%emt 0:00:47]} Rf4+ {[%emt 0:00:30]} 44. Ke3 {[%emt 0:00:37]} Ke5 {[%emt 0:01:25]} 45. b6 {[%emt 0:00:30] Kxd5 Ke4+} 1-0

[Event "49th Rilton Cup 2019-20"]
[Site "Stockholm"]
[Date "2019.12.28"]
[Round "2.24"]
[White "Nesterov, Arseniy"]
[Black "Chernyak, Viktoria"]
[Result "1-0"]
[WhiteElo "2482"]
[BlackElo "2284"]
[Annotator "ChessBase"]
[PlyCount "53"]
[EventDate "2019.12.27"]
[EventType "swiss"]
[EventCountry "SWE"]
[SourceTitle "playchess.com"]
[Source "ChessBase"]
[SourceQuality "1"]
[TimeControl "40/5400+30:1800+30"]

1. d4 {[%emt 0:00:00]} d5 {[%emt 0:00:00]} 2. c4 {[%emt 0:00:06]} c6 {[%emt 0:00:00]} 3. Nf3 {[%emt 0:00:46]} Nf6 {[%emt 0:00:00]} 4. Nc3 {[%emt 0:01:11]} e6 {[%emt 0:03:11]} 5. Bg5 {[%emt 0:03:39]} Nbd7 {[%emt 0:05:28]} 6. e3 {[%emt 0:00:30]} Be7 {[%emt 0:02:39]} 7. Bd3 {[%emt 0:05:10]} dxc4 {[%emt 0:01:45]} 8. Bxc4 {[%emt 0:00:06]} b5 {[%emt 0:00:04]} 9. Be2 {[%emt 0:07:50]} a6 {[%emt 0:03:44]} 10. O-O {[%emt 0:11:19]} O-O {[%emt 0:00:30]} 11. Bxf6 {[%emt 0:04:00]} Nxf6 {[%emt 0:01:22]} 12. Ne5 {[%emt 0:00:20]} Bb7 {[%emt 0:00:36]} 13. Nd3 {[%emt 0:00:35]} a5 {[%emt 0:05:54]} 14. a3 {[%emt 0:03:22]} Bd6 {[%emt 0:12:12]} 15. Rc1 {[%emt 0:06:57]} Qe7 {[%emt 0:01:10]} 16. f4 {[%emt 0:12:09]} Rfd8 {[%emt 0:02:34]} 17. Bf3 {[%emt 0:07:00]} Nd5 {[%emt 0:03:51]} 18. Qd2 {[%emt 0:02:58]} Nb6 {[%emt 0:04:46]} 19. Ne4 {[%emt 0:01:01]} Nc4 {[%emt 0:11:52]} 20. Qe2 {[%emt 0:00:22]} Bb8 {[%emt 0:00:20]} 21. a4 {[%emt 0:00:37]} Nb6 {[%emt 0:02:59]} 22. Ndc5 {[%emt 0:05:33]} Nxa4 {[%emt 0:04:58]} 23. Nxb7 {[%emt 0:00:31]} Qxb7 {[%emt 0:02:11]} 24. Rxc6 {[%emt 0:00:20]} Ra6 {[%emt 0:06:44]} 25. Nd6 {[%emt 0:03:33]} Qa8 {[%emt 0:12:17]} 26. Rc8 {[%emt 0:00:45]} Rxc8 {[%emt 0:00:16]} 27. Nxc8 {[%emt 0:00:14]} 1-0

[Event "49th Rilton Cup 2019-20"]
[Site "Stockholm"]
[Date "2019.12.29"]
[Round "3.1"]
[White "Thybo, Jesper Sondergaard"]
[Black "Quesada Perez, Luis Ernesto"]
[Result "1/2-1/2"]
[WhiteElo "2576"]
[BlackElo "2499"]
[Annotator "ChessBase"]
[PlyCount "61"]
[EventDate "2019.12.27"]
[EventType "swiss"]
[EventCountry "SWE"]
[SourceTitle "playchess.com"]
[Source "ChessBase"]
[SourceQuality "1"]
[TimeControl "40/5400+30:1800+30"]

1. d4 {[%emt 0:00:00]} f5 {[%emt 0:00:00]} 2. g3 {[%emt 0:01:35]} Nf6 {[%emt 0:00:00]} 3. Bg2 {[%emt 0:00:05]} g6 {[%emt 0:00:01]} 4. Nf3 {[%emt 0:00:13]} Bg7 {[%emt 0:00:06]} 5. O-O {[%emt 0:00:14]} O-O {[%emt 0:00:03]} 6. c4 {[%emt 0:00:20]} d6 {[%emt 0:00:06]} 7. Nc3 {[%emt 0:00:25]} c6 {[%emt 0:00:09]} 8. b3 {[%emt 0:00:38]} Na6 {[%emt 0:00:30]} 9. Bb2 {[%emt 0:01:13]} Qc7 {[%emt 0:02:30]} 10. d5 {[%emt 0:17:39]} e5 {[%emt 0:01:08]} 11. dxe6 {[%emt 0:00:41]} Bxe6 {[%emt 0:00:13]} 12. Qc2 {[%emt 0:07:43]} Kh8 {[%emt 0:06:19]} 13. Rad1 {[%emt 0:00:28]} Bg8 {[%emt 0:03:52]} 14. Rfe1 {[%emt 0:08:16]} d5 {[%emt 0:02:34]} 15. cxd5 {[%emt 0:02:27]} Nb4 {[%emt 0:00:08]} 16. Qc1 {[%emt 0:03:42]} Nbxd5 {[%emt 0:09:11]} 17. Nh4 {[%emt 0:03:32]} Nxc3 {[%emt 0:33:29]} 18. Bxc3 {[%emt 0:00:12]} Rae8 {[%emt 0:00:19]} 19. Rd3 {[%emt 0:03:48]} Ne4 {[%emt 0:01:31]} 20. Qh6 {[%emt 0:09:09]} Qf7 {[%emt 0:00:25]} 21. Bxe4 {[%emt 0:05:30]} fxe4 {[%emt 0:00:13]} 22. Bxg7+ {[%emt 0:00:21]} Qxg7 {[%emt 0:00:02]} 23. Qxg7+ {[%emt 0:00:08]} Kxg7 {[%emt 0:00:02]} 24. Rd7+ {[%emt 0:00:12]} Rf7 {[%emt 0:00:13]} 25. Red1 {[%emt 0:00:19]} Rfe7 {[%emt 0:06:39]} 26. Ng2 {[%emt 0:00:36]} a5 {[%emt 0:03:26]} 27. R1d2 {[%emt 0:04:38]} Bd5 {[%emt 0:06:22]} 28. Rd6 {[%emt 0:02:08]} Re6 {[%emt 0:00:24]} 29. Rd7+ {[%emt 0:02:02]} R6e7 {[%emt 0:05:18]} 30. Rd6 {[%emt 0:00:09]} Re6 {[%emt 0:00:21]} 31. Rd7+ {[%emt 0:00:17]} 1/2-1/2

[Event "49th Rilton Cup 2019-20"]
[Site "Stockholm"]
[Date "2019.12.29"]
[Round "3.2"]
[White "Urkedal, Frode Olav Olsen"]
[Black "Rathanvel, V S"]
[Result "1-0"]
[WhiteElo "2545"]
[BlackElo "2411"]
[Annotator "TA"]
[PlyCount "63"]
[EventDate "2019.12.27"]
[EventType "swiss"]
[EventCountry "SWE"]
[SourceTitle "playchess.com"]
[Source "ChessBase"]
[SourceQuality "1"]

{[%evp 19,67,15,32,3,7,0,95,100,82,73,81,83,179,175,170,135,141,133,138,138,177,135,224,222,246,242,229,224,504,499,604,584,964,956,909,907,897,870,1672,1058,2641,1151,29981,29981,29984,12840,29982,29983,29985,29986]} 1. d4 Nf6 2. c4 g6 3. Nc3 d5 4. cxd5 Nxd5 5. e4 Nxc3 6. bxc3 Bg7 7. Be3 c5 8. Nf3 Qa5 9. Qd2 O-O 10. Rc1 Nd7 11. d5 {D85: Exchange Grünfeld: Unusual White 7th moves and lines with 7 Nf3} (11. Bd3 e5 12. d5 f5 13. Qe2 fxe4 14. Bxe4 Nf6 15. d6 Nxe4 16. Qc4+ Kh8 17. Qxe4 Bf5 18. Qd5 Qa4 {1-0 (62) Yu,Y (2762)-Vidit,S (2718) Danzhou 2018}) 11... Nf6 12. e5 Ne4 (12... Nd7 $11) 13. Qc2 $1 $16 {[%cal Rc2e4] White is better.} f5 14. Bd3 $1 b5 $146 ({Predecessor:} 14... Rd8 15. O-O Rxd5 16. Bc4 e6 17. Bxd5 exd5 18. Rfd1 Be6 {1-0 (69) Sanzhaev,D (2344)-Petukhov,D (2359) Saratov 2014}) 15. O-O e6 {[#]} (15... Bb7 $16 {was worth a try.}) 16. d6 $1 $18 Rb8 17. Bxe4 fxe4 18. Qxe4 Bb7 19. Qg4 Qxa2 20. Ra1 Bxf3 (20... Qc4 $16 {was called for.} 21. Qxc4 bxc4) 21. gxf3 (21. Rxa2 $2 {perishes.} Bxg4 22. Bxc5 Bxe5 $19) 21... Qd5 {[#]} 22. f4 $1 Rf7 {[#]} 23. c4 $1 {[%mdl 512]} bxc4 $2 (23... Qxc4 24. Rfc1 Qb3 25. Rxc5 (25. Bxc5 Rc8 $16) 25... b4) 24. Rfd1 Qb7 25. Qxe6 c3 26. Rdb1 {[%mdl 64] Deflection} Qxb1+ 27. Rxb1 Rxb1+ 28. Kg2 g5 29. f5 c2 30. f6 (30. d7 $142 Rb8 31. Qd5 Bxe5 32. Qxe5) 30... c1=Q 31. Bxc1 Rxc1 {[#]} 32. Qe8+ {Played: Qe6-d5} 1-0

[Event "49th Rilton Cup 2019-20"]
[Site "Stockholm"]
[Date "2019.12.29"]
[Round "3.3"]
[White "Koykka, Pekka"]
[Black "Moradiabadi, Elshan"]
[Result "0-1"]
[WhiteElo "2372"]
[BlackElo "2539"]
[Annotator "ChessBase"]
[PlyCount "124"]
[EventDate "2019.12.27"]
[EventType "swiss"]
[EventCountry "SWE"]
[SourceTitle "playchess.com"]
[Source "ChessBase"]
[SourceQuality "1"]
[TimeControl "40/5400+30:1800+30"]

1. e4 {[%emt 0:00:00]} e5 {[%emt 0:00:00]} 2. Nf3 {[%emt 0:00:00]} Nc6 {[%emt 0:00:00]} 3. d4 {[%emt 0:00:23]} exd4 {[%emt 0:00:00]} 4. Nxd4 {[%emt 0:00:08]} Bc5 {[%emt 0:00:13]} 5. Nxc6 {[%emt 0:05:46]} Qf6 {[%emt 0:00:02]} 6. Qf3 {[%emt 0:00:10]} dxc6 {[%emt 0:00:07]} 7. Nc3 {[%emt 0:04:19]} Be6 {[%emt 0:00:23]} 8. Bd3 {[%emt 0:07:00]} O-O-O {[%emt 0:06:50]} 9. Qg3 {[%emt 0:06:06]} Bd4 {[%emt 0:06:14]} 10. O-O {[%emt 0:09:57]} h5 {[%emt 0:10:14]} 11. h4 {[%emt 0:15:50]} Be5 {[%emt 0:00:29]} 12. Qg5 {[%emt 0:03:32]} c5 {[%emt 0:09:29]} 13. Be3 {[%emt 0:06:44]} Qxg5 {[%emt 0:01:55]} 14. hxg5 {[%emt 0:00:26]} Bd4 {[%emt 0:00:08]} 15. Bxd4 {[%emt 0:01:55]} cxd4 {[%emt 0:00:47]} 16. Ne2 {[%emt 0:00:29]} Ne7 {[%emt 0:01:59]} 17. Nf4 {[%emt 0:04:49]} Bd7 {[%emt 0:00:57]} 18. Be2 {[%emt 0:02:04]} h4 {[%emt 0:08:50]} 19. Rad1 {[%emt 0:01:18]} c5 {[%emt 0:02:39]} 20. Nd3 {[%emt 0:12:33]} b6 {[%emt 0:02:58]} 21. b4 {[%emt 0:04:25]} cxb4 {[%emt 0:05:15]} 22. Nxb4 {[%emt 0:00:09]} Be6 {[%emt 0:05:32]} 23. Ba6+ {[%emt 0:01:47]} Kc7 {[%emt 0:00:01]} 24. Rd2 {[%emt 0:04:12]} Nc6 {[%emt 0:09:08]} 25. a3 {[%emt 0:00:39]} h3 {[%emt 0:05:37]} 26. g3 {[%emt 0:04:37]} h2+ {[%emt 0:05:36]} 27. Kh1 {[%emt 0:00:05]} Bh3 {[%emt 0:00:02]} 28. Rc1 {[%emt 0:00:20]} Bg4 {[%emt 0:02:05]} 29. Be2 {[%emt 0:02:50]} Bxe2 {[%emt 0:00:08]} 30. Rxe2 {[%emt 0:00:02]} Nxb4 {[%emt 0:00:04]} 31. axb4 {[%emt 0:00:04]} Kc6 {[%emt 0:00:01]} 32. Rd2 {[%emt 0:02:33]} Kb5 {[%emt 0:01:50]} 33. Rb1 {[%emt 0:00:06]} Rd7 {[%emt 0:05:34]} 34. Rb3 {[%emt 0:00:10]} Kc4 {[%emt 0:01:09]} 35. f4 {[%emt 0:01:10]} f6 {[%emt 0:02:33]} 36. gxf6 gxf6 {[%emt 0:00:01]} 37. Rbd3 {[%emt 0:01:11]} Re8 {[%emt 0:01:59]} 38. Kxh2 {[%emt 0:00:30]} Rxe4 {[%emt 0:00:02]} 39. Kg2 {[%emt 0:00:30]} f5 {[%emt 0:02:54]} 40. Kf3 {[%emt 0:00:37]} Rde7 {[%emt 0:00:00]} 41. b5 {[%emt 0:13:23]} Re3+ {[%emt 0:05:55]} 42. Kf2 {[%emt 0:00:49]} Rxd3 {[%emt 0:01:23]} 43. Rxd3 {[%emt 0:00:50]} Rc7 {[%emt 0:03:51]} 44. Kf3 {[%emt 0:09:41]} Kxb5 {[%emt 0:00:25]} 45. g4 {[%emt 0:00:57]} fxg4+ {[%emt 0:01:35]} 46. Kxg4 {[%emt 0:00:10]} Rxc2 {[%emt 0:02:18]} 47. Rxd4 {[%emt 0:00:20]} Rg2+ {[%emt 0:00:50]} 48. Kf3 {[%emt 0:02:02]} Rg8 {[%emt 0:00:07]} 49. f5 {[%emt 0:00:39]} a5 {[%emt 0:00:42]} 50. f6 {[%emt 0:01:05]} Rf8 {[%emt 0:01:52]} 51. Rf4 {[%emt 0:00:06]} a4 {[%emt 0:00:03]} 52. Ke3 {[%emt 0:03:03]} a3 {[%emt 0:01:17]} 53. Kd3 {[%emt 0:03:25]} a2 {[%emt 0:00:56]} 54. Rf1 {[%emt 0:00:09]} Rxf6 {[%emt 0:01:21]} 55. Ra1 {[%emt 0:00:14]} Rf3+ {[%emt 0:00:01]} 56. Kc2 {[%emt 0:01:09]} Kb4 {[%emt 0:00:17]} 57. Rxa2 Rf2+ {[%emt 0:00:04]} 58. Kb1 {[%emt 0:00:36]} Rxa2 {[%emt 0:00:04]} 59. Kxa2 {[%emt 0:00:09]} Kc3 {[%emt 0:00:01]} 60. Ka3 {[%emt 0:00:50]} b5 {[%emt 0:00:06]} 61. Ka2 {[%emt 0:00:20]} b4 {[%emt 0:00:57]} 62. Kb1 {[%emt 0:00:42]} Kb3 {[%emt 0:00:05]} 0-1

[Event "49th Rilton Cup 2019-20"]
[Site "Stockholm"]
[Date "2019.12.29"]
[Round "3.4"]
[White "Vestby-Ellingsen, Mads"]
[Black "Blomqvist, Erik"]
[Result "1/2-1/2"]
[WhiteElo "2346"]
[BlackElo "2537"]
[Annotator "TA"]
[PlyCount "60"]
[EventDate "2019.12.27"]
[EventType "swiss"]
[EventCountry "SWE"]
[SourceTitle "playchess.com"]
[Source "ChessBase"]
[SourceQuality "1"]

{[%evp 23,60,25,43,37,47,33,39,32,29,19,16,9,14,0,16,19,45,0,0,0,43,0,20,-6,0,0,0,0,0,0,0,0,7,0,0,0,0,0,0]} 1. d4 d5 2. c4 c6 3. Nf3 Nf6 4. Nc3 dxc4 5. a4 Bf5 6. e3 e6 7. Bxc4 Bb4 8. O-O O-O 9. Qe2 Bg6 10. Ne5 Nbd7 11. Nxg6 hxg6 12. Rd1 Qe7 13. e4 {D19: Slav Defence: 5 a4 Bf5 6 e3: Main line with 9 Qe2} e5 14. d5 Rac8 (14... Nb6 15. Bb3 cxd5 16. a5 d4 17. axb6 dxc3 18. bxc3 Bc5 19. bxa7 Rxa7 20. Rxa7 Bxa7 21. h3 Bc5 22. Bg5 b6 23. g3 Rd8 24. Ra1 Qb7 25. Bxf6 gxf6 26. Bd5 {½-½ (26) Peralta,F (2565)-Andriasian,Z (2615) La Roda 2017}) 15. dxc6 {White is slightly better.} bxc6 16. Na2 Bc5 $146 ({Predecessor:} 16... Bd6 17. Bg5 Nc5 18. Nc3 Rfd8 19. Qe3 Rb8 20. Rab1 Rb4 {0-1 (29) Beerens,N-Sherwood,A IECG email 2004}) 17. b4 Bd4 18. Rb1 Rfd8 19. Bd2 Ne8 20. Bc3 Bxc3 21. Nxc3 Nc7 22. b5 cxb5 {The position is equal.} 23. Bxb5 Nc5 24. Qe3 Nxb5 25. axb5 Rxd1+ 26. Rxd1 {Black should prevent Nd5.} Ne6 27. Nd5 Qb7 28. b6 axb6 29. Qxb6 Qxb6 30. Nxb6 Rc2 {Accuracy: White = 51%, Black = 62%.} 1/2-1/2

[Event "49th Rilton Cup 2019-20"]
[Site "Stockholm"]
[Date "2019.12.29"]
[Round "3.5"]
[White "Hillarp Persson, Tiger"]
[Black "Ippolito, Dean"]
[Result "1-0"]
[WhiteElo "2537"]
[BlackElo "2356"]
[Annotator "ChessBase"]
[PlyCount "97"]
[EventDate "2019.12.27"]
[EventType "swiss"]
[EventCountry "SWE"]
[SourceTitle "playchess.com"]
[Source "ChessBase"]
[SourceQuality "1"]
[TimeControl "40/5400+30:1800+30"]

1. c4 {[%emt 0:00:00]} g6 {[%emt 0:00:00]} 2. Nc3 {[%emt 0:00:07]} Bg7 {[%emt 0:00:06]} 3. d4 {[%emt 0:00:33]} Nf6 {[%emt 0:00:11]} 4. e4 {[%emt 0:00:07]} d6 {[%emt 0:00:05]} 5. Nge2 {[%emt 0:00:24]} O-O {[%emt 0:00:48]} 6. Ng3 {[%emt 0:00:23]} c5 {[%emt 0:00:30]} 7. d5 {[%emt 0:00:07]} e6 {[%emt 0:00:40]} 8. Be2 {[%emt 0:00:07]} exd5 {[%emt 0:01:06]} 9. cxd5 {[%emt 0:00:09]} a6 {[%emt 0:01:29]} 10. a4 {[%emt 0:00:06]} Nbd7 {[%emt 0:03:01]} 11. O-O {[%emt 0:00:14]} Re8 {[%emt 0:01:43]} 12. Bg5 {[%emt 0:06:02]} h6 {[%emt 0:01:16]} 13. Be3 {[%emt 0:00:37]} h5 {[%emt 0:01:32]} 14. Bg5 {[%emt 0:00:08]} Qc7 {[%emt 0:02:54]} 15. Qd2 {[%emt 0:03:28]} Nh7 {[%emt 0:06:07]} 16. Bh4 {[%emt 0:00:45]} c4 {[%emt 0:20:03]} 17. Kh1 {[%emt 0:05:11]} Rb8 {[%emt 0:07:40]} 18. f4 {[%emt 0:27:58]} Bh6 {[%emt 0:03:49]} 19. Qd1 {[%emt 0:12:23]} b5 {[%emt 0:04:31]} 20. axb5 {[%emt 0:00:39]} axb5 {[%emt 0:00:05]} 21. b4 {[%emt 0:04:50]} Ndf6 {[%emt 0:23:33]} 22. h3 {[%emt 0:16:15]} Bd7 {[%emt 0:00:05]} 23. e5 {[%emt 0:04:40]} dxe5 {[%emt 0:00:42]} 24. d6 {[%emt 0:00:09]} Qd8 {[%emt 0:02:00]} 25. fxe5 {[%emt 0:01:16]} Rxe5 {[%emt 0:00:05]} 26. Nge4 {[%emt 0:05:29]} g5 {[%emt 0:06:50]} 27. Nxf6+ {[%emt 0:02:01]} Nxf6 {[%emt 0:00:04]} 28. Bg3 {[%emt 0:02:28]} Re3 {[%emt 0:02:20]} 29. Rxf6 {[%emt 0:00:56]} Qxf6 {[%emt 0:00:13]} 30. Nd5 {[%emt 0:01:05]} Qe6 {[%emt 0:00:15]} 31. Nxe3 {[%emt 0:00:12]} Qxe3 {[%emt 0:00:04]} 32. Bh2 {[%emt 0:00:16]} c3 {[%emt 0:03:16]} 33. Bxh5 {[%emt 0:01:27]} Rc8 {[%emt 0:05:24]} 34. Qc2 {[%emt 0:01:59]} Be6 {[%emt 0:03:38]} 35. Rd1 {[%emt 0:00:44]} Ra8 {[%emt 0:00:00]} 36. Bg1 {[%emt 0:02:33]} Qg3 {[%emt 0:00:59]} 37. Bf3 {[%emt 0:00:51]} Rd8 {[%emt 0:00:53]} 38. Bh2 {[%emt 0:00:24]} Qh4 {[%emt 0:00:05]} 39. Qxc3 {[%emt 0:00:19]} g4 {[%emt 0:00:09]} 40. Bxg4 {[%emt 0:00:36]} Bxg4 {[%emt 0:00:40]} 41. hxg4 {[%emt 0:30:19]} Bf4 {[%emt 0:09:23]} 42. Qh3 {[%emt 0:00:00]} Qg5 {[%emt 0:07:19]} 43. Qh5 {[%emt 0:00:00]} Qf6 {[%emt 0:00:07]} 44. Rf1 {[%emt 0:00:00]} Kg7 {[%emt 0:00:15]} 45. Rxf4 {[%emt 0:00:00]} Qa1+ {[%emt 0:00:09]} 46. Bg1 {[%emt 0:00:03]} Rh8 {[%emt 0:01:20]} 47. Qxh8+ {[%emt 0:00:11]} Kxh8 {[%emt 0:00:04]} 48. d7 {[%emt 0:00:08]} Qa8 {[%emt 0:01:18]} 49. Bb6 {[%emt 0:01:36]} 1-0

[Event "49th Rilton Cup 2019-20"]
[Site "Stockholm"]
[Date "2019.12.29"]
[Round "3.6"]
[White "Schoppen, Casper"]
[Black "Kucuksari, Kaan"]
[Result "0-1"]
[WhiteElo "2507"]
[BlackElo "2337"]
[Annotator "TA"]
[PlyCount "82"]
[EventDate "2019.12.27"]
[EventType "swiss"]
[EventCountry "SWE"]
[SourceTitle "playchess.com"]
[Source "ChessBase"]
[SourceQuality "1"]

{[%evp 16,82,20,19,29,14,28,30,57,64,92,87,93,52,54,53,62,58,87,80,83,83,89,87,90,91,83,82,106,94,236,67,72,39,35,0,0,0,0,-125,-133,-120,-137,-157,-105,-176,-112,-127,-116,-430,-354,-566,-537,-531,-535,-496,-456,-422,-443,-596,-593,-596,-594,-931,-931,-1180,-640,-617,-611]} 1. Nf3 Nf6 2. c4 c6 3. g3 d5 4. Bg2 g6 5. b3 Bg7 6. Bb2 O-O 7. O-O Bg4 8. d3 Nbd7 {[%cal Bb8d7,Bd7c5,Bc5b3][%mdl 32]} 9. Nbd2 a5 {A11: English Opening: 1...c6} 10. a3 (10. h3 Bxf3 11. Nxf3 a4 12. Qc2 e6 13. e4 Ne8 14. Bxg7 Nxg7 15. exd5 exd5 16. cxd5 cxd5 17. bxa4 {1-0 (66) Dubov,D (2666)-Andreikin,D (2743) ICC INT 2016}) 10... Bxf3 11. Nxf3 dxc4 $146 {White has an edge.} ({Predecessor:} 11... e6 12. Qc2 Qe7 13. e3 Ne8 14. d4 Nd6 15. c5 Nb5 {½-½ (30) Gabuzyan,H (2573)-Melkumyan,H (2642) Yerevan 2017}) 12. bxc4 a4 13. Qc2 Nc5 14. d4 Nb3 $1 15. Rad1 Nd7 16. e3 Qc7 17. Nd2 Nxd2 18. Rxd2 e5 19. dxe5 Nxe5 20. Rfd1 Qe7 21. h3 {aiming for f4.} Qc5 22. Bd4 $1 {[%cal Rd4c5]} Qxc4 (22... Qxa3 $16 23. f4 Nxc4 24. Qxc4 Bxd4 25. Rxd4 (25. Qxd4 Rad8 $14) 25... Qxe3+ {[%mdl 64] Double Attack} 26. Kh2 Rfe8) 23. Qb2 $2 (23. f4 $18) 23... Qb5 $14 24. Qa1 {[%mdl 1024] And now Rb2 would win. White has strong compensation.} (24. Qa2 $5 {[%cal Rf2f4]}) 24... Rad8 $1 25. Rb2 (25. Rb1 $5 {[%cal Rb1b5]} Qa6 26. Qc3 $14) 25... Qa6 26. Rbb1 Rfe8 27. Re1 {[#]} (27. Kh1 $11 {keeps the balance.}) 27... c5 $1 $17 {[%cal Rc5d4][%mdl 512]} 28. Bc3 {Black should prevent f4.} (28. Bxc5 Nd3) 28... Rd3 $1 29. Rec1 {[#]} b5 (29... Rxc3 $142 $1 {[%mdl 512]} 30. Rxc3 (30. Qxc3 Nf3+) 30... Nd3) 30. Qa2 (30. Qb2 $17) 30... Nc4 ({Better is} 30... c4 $19 31. Qb2 {[#]} Rxc3 $1 {[%mdl 512]} 32. Rxc3 Nd3 {[%mdl 64] Discovered Attack}) 31. Bxg7 Kxg7 ({Worse is} 31... Rxa3 32. Qe2 $16) 32. Qe2 $2 {[%mdl 8192]} (32. Bf1 $17 Rxa3 33. Qc2) 32... Red8 33. Bf1 (33. Ra1 {was worth a try.}) 33... Qf6 {Black is clearly winning.} 34. Rxb5 Rd2 35. Qe1 Nxa3 36. Rbxc5 Qb2 37. Bg2 Nc2 38. Qf1 a3 39. Kh2 a2 40. Ra5 a1=Q 41. Rcxa1 Nxa1 {Accuracy: White = 38%, Black = 58%.} 0-1